01093nam a2200265 a 450000100100000000500170001000800410002702000180006804000250008608200130011110000270012424500760015126000390022730000230026649000130028950000430030250400300034558600460037559000270042183000170044895201170046595201110058295201170069399900170081000004843620201002061143.0190314s2018 dr 000 0 spa d a9789945503425 aDO-SdBNPbspacBNPHU axxxbxxx1 aVallejo, Osiris97585110aBorges: Psicología de los malvados y otros ensayos /cOsiris Vallejo. aSanto Domingo, :bNacional,c2018. a128 p. : ;c22 cm.1 aEnsayo ; aIncluye datos biografícos del autor. aBibliografía p: 115-120 aPremio Letras de Ultramar de ensayo, 2017 aInventariado, 2019/ YL 0aEnsayo93177 0010718DSaGRbGRcCTd2019-03-15iLF1l0oxxx xxxp48436-30r2020-06-25te. 3w2020-06-25yLFDSZNo se presta 0010718PDaPDbPDcCTd2019-03-15iLF1l0oxxx xxxp48436-10r2020-06-25w2020-06-25yLFPDZNo se presta 0010718PDaPDbPDcCTd2019-03-15iLF1l0oxxx xxxp48436-20r2020-06-25te. 2w2020-06-25yLFPDZNo se presta c47924d47924